<?xml version="1.0" encoding="UTF-8"?>
<collection xmlns="http://www.loc.gov/MARC21/slim">
 <record>
  <leader>00513nam a22001575a 4500</leader>
  <controlfield tag="001">EHU.bham049302</controlfield>
  <controlfield tag="005">20111228083818.0</controlfield>
  <controlfield tag="008">111228s1969####xx############000#0#und#d</controlfield>
  <datafield tag="100" ind1="1" ind2=" ">
   <subfield code="a">Taire, Juan Octaviano.</subfield>
  </datafield>
  <datafield tag="245" ind1="0" ind2="0">
   <subfield code="a">Azúcar para el monopolio /</subfield>
   <subfield code="c">Juan Octaviano Taire.</subfield>
  </datafield>
  <datafield tag="260" ind1=" " ind2=" ">
   <subfield code="a">San Miguel de Tucumán :</subfield>
   <subfield code="b">Ediciones de Signo,</subfield>
   <subfield code="c">1969.</subfield>
  </datafield>
  <datafield tag="300" ind1=" " ind2=" ">
   <subfield code="a">153 p.</subfield>
  </datafield>
  <datafield tag="653" ind1=" " ind2=" ">
   <subfield code="a">Cañaverales</subfield>
  </datafield>
  <datafield tag="653" ind1=" " ind2=" ">
   <subfield code="a">Explotación laboral</subfield>
  </datafield>
  <datafield tag="653" ind1=" " ind2=" ">
   <subfield code="a">Imperialismo</subfield>
  </datafield>
  <datafield tag="859" ind1=" " ind2=" ">
   <subfield code="a">AR-BHAM</subfield>
   <subfield code="b">BIB. HUMANIDADES - Donacion Lejarraga</subfield>
   <subfield code="h">MFN003521</subfield>
   <subfield code="p">003521.19</subfield>
  </datafield>
 </record>
</collection>
